Prendiendo fuego al mundo / (Registro nro. 141048)

Detalles MARC
000 -LEADER
campo de control de longitud fija 00734nam a2200253 4500
001 - NÚMERO DE CONTROL
campo de control 141048
003 - IDENTIFICADOR DE NÚMERO DE CONTROL
campo de control ES-MaACL
007 - CAMPO FIJO DE DESCRIPCIÓN FÍSICA--INFORMACIÓN GENERAL
campo de control de longitud fija t|
008 - DATOS DE LONGITUD FIJA--INFORMACIÓN GENERAL
campo de control de longitud fija 070919s1985 sp ||||0| spa d
016 7# - NÚMERO DE CONTROL DE UNA AGENCIA BIBLIOGRÁFICA NACIONAL
Número de control cancelado/no válido IBH8505925140
020 ## - NÚMERO INTERNACIONAL ESTÁNDAR DEL LIBRO
Número Internacional Estándar del Libro 84-204-2309-2
040 ## - FUENTE DE CATALOGACIÓN
Centro catalogador/agencia de origen IBH
Lengua de catalogación spa
Centro/agencia transcriptor M-BN-DP
080 ## - NÚMERO DE LA CLASIFICACIÓN DECIMAL UNIVERSAL
Número de la Clasificación Decimal Universal 820-31"19"
100 1# - ENTRADA PRINCIPAL--NOMBRE DE PERSONA
Nombre de persona Wilson, Angus.
9 (RLIN) 117011
245 10 - MENCIÓN DEL TÍTULO
Título Prendiendo fuego al mundo /
Mención de responsabilidad, etc. Angus Wilson ; traducción de Juan Basabé.
260 ## - PUBLICACIÓN, DISTRIBUCIÓN, ETC.
Lugar de publicación, distribución, etc. Madrid :
Nombre del editor, distribuidor, etc. Alfaguara,
Fecha de publicación, distribución, etc. 1985.
300 ## - DESCRIPCIÓN FÍSICA
Extensión 412 p. ;
Dimensiones 20 cm.
490 1# - MENCIÓN DE SERIE
Mención de serie Literatura Alfaguara ;
Designación de volumen o secuencia 154
700 1# - ENTRADA AGREGADA--NOMBRE PERSONAL
Nombre de persona Basabé, Juan.
9 (RLIN) 26238
830 0# - PUNTO DE ACCESO ADICIONAL DE SERIE-TÍTULO UNIFORME
Título uniforme Literatura Alfaguara ;
Designación de volumen o secuencia 154
9 (RLIN) 178100
852 ## - LOCALIZACIÓN
Ubicación ES-MaACL
Número de control de estantería L-8280
Sublocalización o colección R.108616
Existencias
Estatus retirado Estado de pérdida Estado de daño No para préstamo Biblioteca de origen Biblioteca actual Ubicación en estantería Fecha de adquisición Fuente de adquisición Total de préstamos Signatura topográfica completa Código de barras Visto por última vez Precio de reemplazo Tipo de ítem Koha
        Biblioteca del Ateneo de Madrid Biblioteca del Ateneo de Madrid Depósito 2 17/01/2008     L-8280 1146766 23/02/2023 23/02/2023 Libro impreso